000 nam a22 a 4500
999 _c119200
_d119200
003 BLK
005 20221114171439.0
008 180409b bul|||||r ||||||| ||bul||
010 _aKNG00124815000
040 _aBLK
041 _aBUL
_cBUL
080 _aПочва. Почвознание. - Химия, токсичност, биология, почвообразуване, класификация на горските почви и др. Вж и 631.4
_b630.114
_z630.114
080 _aПлодородие и токсичност на почвите. Ерозия. Вж и 631.58
_b631.45
_z631.45
100 1 _aАнгелов, Стефан Илиев
_eпърви автор
_9316088
139 _aАнгелов, Стефан Илиев и др.
_bА 64
245 1 0 _aГората и защитата на почвата
_bМоногр.
_cСтефан Илиев Ангелов; Станчо Д. Керенски
257 _aBGR
260 _aСофия
_bЗемиздат
_c1978
_fХасково : Ат. Стратиев
300 _a163 с.
_bс ил., табл.
_c20 см
380 _a63
504 _aБиблиогр. с. 155-160.
650 4 _aПочва - структура
_9316089
650 4 _aЕрозия - на почвата
_9316090
653 _aпочви
653 _aпочвознание
653 _aерозия
700 1 _aКеренски, Станчо Д.
_eсъавт.
_978343
852 _aЦб 94304
_bЦб
856 4 _qpdf
_i0.00
_ldisable
942 _cKNG
_n0
_s1
944 _aCR
_c16.08.2011
_l16.08.2011 - от С1,Р / 16.08.2011
_kГеновева_Генчева
944 _aED
_c16.08.2011
_l16.08.2011 - от С1,Р / 16.08.2011